000 00603nam a2200205Ia 4500
005 20250923145213.0
008 008 250917s9999 xx 000 0 eng d
037 _aTextual
040 _aDSWL
_beng
_cDSWL
041 _aeng
_2eng
084 _aY:4511:5(Z,9511)x, N69
_qDSWL
100 _aBlom-Cooper, Louis
_9832856
245 4 _aThe hanging question
_cby Louis Blom-Cooper
260 _aLondon
_bGerald Duckworth Co.
_c1969
300 _axx,539p.
365 _aINR
_b15
925 _g15
942 _cTEXL
_hY:4511:5(Z,9511)x, N69
999 _c1448421
_d1448421